| 000 | 00763nas a2200253 4500 | ||
|---|---|---|---|
| 001 | BR9201227 | ||
| 003 | BR-BrBNA | ||
| 005 | 20231205092353.0 | ||
| 007 | ta | ||
| 008 | 230509b bl.|||p| |||| 00| 00por d | ||
| 040 |
_aBR-BrBNA _bpor _cBiblioteca Nacional de Agricultura |
||
| 041 | _a(Pt) | ||
| 072 | _aN20 | ||
| 100 | 1 | _aGazo, J.S.N. | |
| 100 | 1 | _aDelfini, P. de T. | |
| 245 | 1 | _aAcionamento de moendas - proposta de melhorias para a transmissao final da moenda 37" x 78" | |
| 650 | _aMOENDA | ||
| 650 | _aENGENHO | ||
| 650 | _aINSTALACAO AGRICOLA | ||
| 650 | _aPRATICO | ||
| 773 | 0 |
_tBoletim Tecnico COPERSUCAR (Brazil) _xISSN 0100-2996 _g(Jul 1989), no. 47 p. 41-47 _wBR9201227 |
|
| 909 |
_a202311 _bLúcia _c55 _dLúcia Elande |
||
| 942 |
_2AGRIS _n0 _cANA |
||
| 999 |
_c131252 _d131252 |
||